• 首页
  • 本馆介绍
  • 公告通知
  • 最新文献
  • 馆藏检索
  • 电子资源
  • 读者导购
  • 参考咨询
  • 我的图书馆
  • 登录
  • 详细信息显示
  • 放入我的书架
  • 预约/预借图书
  • 作者相关作品
  • 分类相关作品
  • 丛书相关作品
  • 出版社相关作品

书目信息

  • 表格格式
  • 工作单格式
  • 卡片格式
题名:
中国学报总汇
    
 
作者: 黑龙江大学《中国学报总汇》编写组 编
分册: 1988  
出版信息: 哈尔滨   黑龙江人民出版社  1988
页数: 788页
开本: 26cm
丛书名:
单 册:
中图分类: Z62
科图分类:
主题词: 期刊--中国 , 连续出版物--中国
电子资源:
ISBN: 7-207-01202-0
000 00734nam0 2200205 450
001 0758302110
005 20070802103927.67
010    @a7-207-01202-0@dCNY20.00
100    @a20070731d1988 km y0chiy0120 ea
101 0  @achi
102    @aCN@b230000
200 1  @a中国学报总汇@h1988@Azhong guo xue bao zong hui@f黑龙江大学《中国学报总汇》编写组编@Fhei long jiang da xue《zhong guo xue bao zong hui》bian xie zu bian
210    @a哈尔滨@c黑龙江人民出版社@d1988
215    @a788页@d26cm
606 0  @a期刊@x中国
606 0  @a连续出版物@x中国
690    @aZ62@v3
701  0 @a黑龙江大学《中国学报总汇》编写组@Ahei long jiang da xue《zhong guo xue bao zong hui》bian xie zu@4编
801  0 @aCN@bPFT@c20070802
905    @a10447@dZ62@e14:(1988)
    
    中国学报总汇.1988/黑龙江大学《中国学报总汇》编写组编.-哈尔滨:黑龙江人民出版社,1988
    788页;26cm
    
    
    ISBN 7-207-01202-0:CNY20.00
    
●
相关链接 在E读中查询图书 在五车中查询图书 在当当中查询图书 在豆瓣中查询图书


正题名:中国学报总汇     索取号:Z62/14:(1988)         预约/预借

序号 登录号 条形码 馆藏地/架位号 状态 备注
1 0790197   207901975   密集书库/ [索取号:Z62/14:(1988)] 在馆    
2 0790322   207903223   密集书库/ [索取号:Z62/14:(1988)] 在馆    
唐山师范学院图书馆 欢迎您!
大连网信软件有限公司© 版权所有